000 00973cam a2200289 a 4500
005 20240627103321.0
008 100701s1994||||ag a f |||| 00| 0 spa d
020 _a9509129860
041 _aspa
092 _c362.1
_l6
_sBER
100 1 _aBerlinguer, Giovanni.
_91100
245 3 _aLa enfermedad.
_bSufrimiento. Diferencia. Peligro. Señal. Estímulo /
_cGiovanni Berlinguer.
250 _a1a ed.
260 _aBuenos Aires:
_bLugar Editorial;
_c1994.
300 _a138 p.
_bil.
500 _aBerlinguer, G. (1994). La enfermedad. Sufrimiento. Diferencia. Peligro. Señal. Estímulo. (1a ed.). Buenos Aires : Lugar Editorial.
653 _aCiclo salud-enfermedad
653 _aEnfermedad como sufrimiento
653 _aEnfermedad como diferencia
653 _aEnfermedad como peligro
653 _aEnfermedad como señal
653 _aEnfermedad como estímulo
653 _aPerspectiva para la salud
930 _a1350
930 _a191
942 _2ddc
_cBK
999 _c466
_d466